الحق في الاستعانة بمحام في قانون الإجراءات الجزائية الإماراتي (دراسة مقارنة) / (Record no. 64982)
[ view plain ]
| 000 -LEADER | |
|---|---|
| fixed length control field | 04128nam a2200481 4500 |
| 003 - CONTROL NUMBER IDENTIFIER | |
| control field | EG-GICUC |
| 005 - أخر تعامل مع التسجيلة | |
| control field | 20260305095714.0 |
| 008 - FIXED-LENGTH DATA ELEMENTS--GENERAL INFORMATION | |
| fixed length control field | 260305s2025 ua ||||fr|||| 000 0 ara d |
| 040 ## - CATALOGING SOURCE | |
| Original cataloguing agency | EG-GICUC |
| Transcribing agency | EG-GICUC |
| Modifying agency | EG-GICUC |
| Description conventions | rda |
| Language of cataloging: | ara |
| 041 0# - LANGUAGE CODE | |
| Language code of text/sound track or separate title | ara |
| Language code of sung or spoken text | ara |
| Language code of summary or abstract | ara |
| 049 ## - Acquisition Source | |
| Acquisition Source | إهداء |
| 082 04 - DEWEY DECIMAL CLASSIFICATION NUMBER | |
| Classification number | 343.3644 |
| Edition number | 21 |
| 097 ## - Degree | |
| Degree | Ph.D |
| 099 ## - LOCAL FREE-TEXT CALL NUMBER (OCLC) | |
| Local Call Number | Law 10 PHD 2025 |
| 100 0# - MAIN ENTRY--PERSONAL NAME | |
| Authority record control number or standard number | غريب محمد أحمد الخديم العنتلي |
| Preparation | مؤلف. |
| 245 10 - TITLE STATEMENT | |
| Title | الحق في الاستعانة بمحام في قانون الإجراءات الجزائية الإماراتي (دراسة مقارنة) / |
| Statement of responsibility, etc. | إعداد غريب محمد أحمد الخديم العنتلي؛ إشراف الأستاذ الدكتور أحمد عوض بلال. |
| 264 #0 - PRODUCTION, PUBLICATION, DISTRIBUTION, MANUFACTURE, AND COPYRIGHT NOTICE | |
| Place of production, publication, distribution, manufacture | القاهرة : |
| Name of producer, publisher, distributor, manufacturer | كلية الحقوق - جامعة القاهرة, |
| Date of production, publication, distribution, manufacture, or copyright notice | 2025. |
| 300 ## - PHYSICAL DESCRIPTION | |
| Extent | 211 صفحة : |
| Dimensions | 25 سم. |
| 336 ## - CONTENT TYPE | |
| Content type term | text |
| Source | rda content |
| 337 ## - MEDIA TYPE | |
| Media type term | Computer |
| Source | rda media |
| 338 ## - CARRIER TYPE | |
| Carrier type term | Online Resource |
| Source | rda carrier |
| 502 ## - DISSERTATION NOTE | |
| Dissertation note | أطروحة (دكتوراة)-جامعة القاهرة، كلية الحقوق، قسم القانون الجنائي، 2025. |
| 504 ## - BIBLIOGRAPHY, ETC. NOTE | |
| Bibliography, etc. note | يشتمل على إرجاعات بيبليوجرافية: 408-419 |
| 520 3# - SUMMARY, ETC. | |
| Summary, etc. | تدور هذه الدارسة حول حق المتهم في الاستعانة بمحامي باعتباره من الحقوق التي يستمدها من حقه في تحقيق دفاعه، وتتطرق الدارسة إلى حق المتهم في ممارسة هذا الحق في مرحلة المحاكمة وكذا المرحلة التي تسبقها وتتطرق إلى الطبيعة القانونية للعلاقة بين المتهم والمحامي والإطار القانوني الذي في ضونه يمارس المتهم حقه في الاستعانة بمحامي.<br/><br/>وقد استهدفت الدراسة بضرورة أساسية التطرق إلى أحكام حق المتهم في الاستعانة بمحامي في مراحل الدعوى والقيود الواردة على هذا الحق والتنظيم القانوني لهذا الحق في نظام الإجراءات الجزائية الإماراتي، واستعان في سبيل ذلك بالمنهج الوصفي التحليلي المقارن، وخلص الباحث في ختام دراسته إلى عدد من النتائج تمثل أهمها في أن المنظم الإماراتي غاير بين حق المتهم في الاستعانة بمحامي في مواد الجنايات المعاقب عليها بالإعدام والسجن المؤبد بجعله وجوبياً، بينما جعل الحق في الاستعانة بمحامي في غير ذلك جوازيا للمتهم الخيار بين الاستعانة بمحامي من عدمه، وأن طبيعة العلاقة بين المتهم ومحامية هي وكالة بالخصومة وذلك لما ينصب عليه العقد المبرم بين المتهم والحامي من اعمال مادية وإجراءات قانونية والتي بطبيعتها تدخل في نطاق الوكالة بالخصومة يمثل فيها المحامي المتهم تمثيلاً قانونياً. |
| 546 ## - LANGUAGE NOTE | |
| Text Language | النص بالعربية والملخص باللغة الإنجليزية والعربية. |
| 650 04 - SUBJECT ADDED ENTRY--TOPICAL TERM | |
| Topical term or geographic name entry element | القانون الجنائي |
| Source of heading or term | qrmak |
| Geographic subdivision | الإمارات |
| 653 #0 - INDEX TERM--UNCONTROLLED | |
| Uncontrolled term | تجريم القانون الجنائي |
| 653 #0 - INDEX TERM--UNCONTROLLED | |
| Uncontrolled term | القاضي |
| 653 #0 - INDEX TERM--UNCONTROLLED | |
| Uncontrolled term | محام |
| 653 #0 - INDEX TERM--UNCONTROLLED | |
| Uncontrolled term | المعاصر |
| 653 #0 - INDEX TERM--UNCONTROLLED | |
| Uncontrolled term | الدفاع |
| 653 #0 - INDEX TERM--UNCONTROLLED | |
| Uncontrolled term | المشرع |
| 653 #0 - INDEX TERM--UNCONTROLLED | |
| Uncontrolled term | التشريع الإماراتي |
| 653 #0 - INDEX TERM--UNCONTROLLED | |
| Uncontrolled term | التشريع المصري |
| 653 #0 - INDEX TERM--UNCONTROLLED | |
| Uncontrolled term | الاستعانة |
| 655 #4 - INDEX TERM--GENRE/FORM | |
| Genre/form data or focus term | رسائل جامعية |
| Geographic subdivision | جامعة القاهرة |
| 700 0# - ADDED ENTRY--PERSONAL NAME | |
| Personal name | أحمد عوض بلال |
| Relator term | مشرف. |
| 710 2# - ADDED ENTRY--CORPORATE NAME | |
| Corporate name or jurisdiction name as entry element | جامعة القاهرة |
| Subordinate unit | كلية الحقوق |
| 856 ## - ELECTRONIC LOCATION AND ACCESS | |
| Uniform Resource Identifier | <a href="https://fll.law.cu.edu.eg/fulltext/th/T10-04334.pdf">https://fll.law.cu.edu.eg/fulltext/th/T10-04334.pdf</a> |
| 900 ## - Thesis Information | |
| Grant date | 2025 |
| Universities | جامعة القاهرة |
| Faculties | كلية الحقوق |
| Department | قسم القانون الجنائي |
| 905 ## - Cataloger and Reviser Names | |
| Cataloger Name: | Hoda |
| 942 ## - ADDED ENTRY ELEMENTS (KOHA) | |
| Source of classification or shelving scheme | Dewey Decimal Classification |
| Suppress in OPAC | No |
| Koha item type | Thesis |
| Edition | 21 |
| Source of classification or shelving scheme | Collection | Home library | Current library | Date acquired | Full call number | Barcode | Date last seen | Copy number | Effective from | Koha item type |
|---|---|---|---|---|---|---|---|---|---|---|
| Dewey Decimal Classification | القانون الجنائي | جــــامعة القــاهرة | مكتبة كلية الحقوق - المبنى الرئيسي | 05.03.2026 | Law1 10 PHD 2025 1004334 C1 | T10-04334 | 05.03.2026 | 1 | 05.03.2026 | Thesis |
| Dewey Decimal Classification | القانون الجنائي | جــــامعة القــاهرة | مكتبة كلية الحقوق - المبنى الرئيسي | 05.03.2026 | Law1 10 PHD 2025 1004335 C2 | T10-04335 | 05.03.2026 | 2 | 05.03.2026 | Thesis |
| Dewey Decimal Classification | القانون الجنائي | جــــامعة القــاهرة | مكتبة كلية الحقوق - فـرع الشيخ زايد | 05.03.2026 | Law2 10 PHD 2025 1004336 C3 | T10-04336 | 05.03.2026 | 3 | 05.03.2026 | Thesis |